header

The Meaning of market process (Record no. 12730)

MARC details
000 -LEADER
fixed length control field 01350nam a2200337Ia 4500
082 04 - DEWEY DECIMAL CLASSIFICATION NUMBER
Classification number 330.15/7
100 1# - MAIN ENTRY--AUTHOR NAME
Personal name Kirzner, Israel M.
245 14 - TITLE STATEMENT
Title The Meaning of market process
260 ## - PUBLICATION, DISTRIBUTION, ETC. (IMPRINT)
Place of publication London ;
-- New York :
Name of publisher Routledge,
Year of publication 1992.
300 ## - PHYSICAL DESCRIPTION
Number of Pages xii, 246 p.
490 1# - SERIES STATEMENT
Series statement Foundations of the market economy series
650 #0 - SUBJECT ADDED ENTRY--TOPICAL TERM
Topical Term Austrian school of economics.
Topical Term Economics
856 40 - ELECTRONIC LOCATION AND ACCESS
Uniform Resource Identifier http://site.ebrary.com/lib/rucke/Doc?id=10017753

No items available.

© 2026 Rongo University
Contact us: librarian | system librarian | Rongo university